Guidebook to Mechanism in Organic Chemistry (Record no. 12597)

MARC details
000 -LEADER
fixed length control field 00422nam a22001697a 4500
003 - CONTROL NUMBER IDENTIFIER
control field OSt
008 - FIXED-LENGTH DATA ELEMENTS--GENERAL INFORMATION
fixed length control field 240502b |||||||| |||| 00| 0 eng d
020 ## - INTERNATIONAL STANDARD BOOK NUMBER
International Standard Book Number 9788177584332
082 ## - DEWEY DECIMAL CLASSIFICATION NUMBER
Classification number 547 SYG
100 ## - MAIN ENTRY--PERSONAL NAME
Personal name SYKES, Peter
245 ## - TITLE STATEMENT
Title Guidebook to Mechanism in Organic Chemistry
250 ## - EDITION STATEMENT
Edition statement 6th
260 ## - PUBLICATION, DISTRIBUTION, ETC. (IMPRINT)
Place of publication, distribution, etc Noida
Name of publisher, distributor, etc Pearson
Date of publication, distribution, etc 2024
300 ## - PHYSICAL DESCRIPTION
Extent xii,416
650 ## - SUBJECT ADDED ENTRY--TOPICAL TERM
Topical term or geographic name as entry element PHARMACEUTICS ORGANIC CHEMISTRY-I
942 ## - ADDED ENTRY ELEMENTS (KOHA)
Source of classification or shelving scheme Dewey Decimal Classification
Koha item type Text Books
Holdings
Withdrawn status Lost status Source of classification or shelving scheme Damaged status Not for loan Collection code Home library Current library Date acquired Source of acquisition Currency Cost, normal purchase price Bill Number Total Checkouts Full call number Acc. no. / Barcode Date last seen Actual Cost, discounted price Bill Date Koha item type
    Dewey Decimal Classification     B.Pharma PIET C-LIBRARY PIET C-LIBRARY 01/05/2024 ZAFAA BOOKS RUPEES 830.00 ZBDOO42   547 SYG BP2532 02/05/2024 564.40 20/04/2024 Reference Books
    Dewey Decimal Classification     B.Pharma PIET C-LIBRARY PIET C-LIBRARY 01/05/2024 ZAFAA BOOKS RUPEES 830.00 ZBDOO42   547 SYG BP2533 02/05/2024 564.40 20/04/2024 Text Books
    Dewey Decimal Classification     B.Pharma PIET C-LIBRARY PIET C-LIBRARY 01/05/2024 ZAFAA BOOKS RUPEES 830.00 ZBDOO42   547 SYG BP2534 02/05/2024 564.40 20/04/2024 Text Books

Design & Developed by: PIET Central Library
R70 Miles Stone Pattikalyana Samalkha Panipat 132102
mail ID :- [email protected], Phone No:- 0180-2569700 Ex.216